000 00936nas a2200301 4500
001 BR0802510
003 BR-BrBNA
005 20231205112012.0
007 ta
008 230509b bl.|||p| |||| 00| 00por d
040 _aBR-BrBNA
_bpor
_cBiblioteca Nacional de Agricultura
041 _a(Pt)
072 _aL20; H10
100 1 _aCarvalho, A.E. de
100 1 _aAlmeida, J.M.
100 1 _aMello, R.P. de
245 1 _aMortalidade de larvas e pupas de Chrysomya megacephala (Fabricius)(Diptera: Calliphoridae e seu parasitismo por microhimenópteros na cidade do Rio de Janeiro
650 _aINSETO
650 _aMOSCA
650 _aLARVA
650 _aPUPA
650 _aPARASITO
650 _aMORTALIDADE
650 _aRIO DE JANEIRO
773 0 _tNeotropical Entomology (Brazil)
_xISSN 1519-566X
_g(Jul-Aug 2004), v. 33(4) p. 505-510
_wBR0802510
909 _a202311
_bLúcia
_c55
_dLúcia Elande
942 _2AGRIS
_n0
_cANA
999 _c195565
_d195565